01103cam a22003378a 450000100090000000300040000900500170001300800410003001000170007102000150008802000430010303500200014604000220016604200080018805000130019606000140020908200230022324501450024626000590039126300090045030000140045950000200047365000240049365000290051765000410054665000300058765000410061765000300065870000460068870000310073413581934OSt20150408114045.0120623s2004 stk f 001 0 eng  a 2004050175 a044307187X a0443071888 (International student ed.) a(DNLM)101215983 aDNLM/DLCcMUdDLC apcc00bC76 200410bC951 200400a616.0754 C R I22200aCross sectional imaging made easy /cedited by Simon A. Jackson, Richard M. Thomas ; with contributions from Sarah N. Harrison ... [et al.]. aEdinburgh ;aNew York :bChurchill Livingstone,c2004. a0409 ap. ;ccm. aIncludes index. 0aDiagnostic imaging. 4aCross-sectional imaging. 4aTomography, X-Ray Computedxmethods. 4aAnatomy, Cross-Sectional. 4aMagnetic Resonance Imagingxmethods. 4aUltrasonographyxmethods.1 aJackson, Simon A.q(Simon Andrew),d1963-1 aThomas, Richard M.,cFRCR.